00238nam a22001097a 4500020001500000082001100015100002000026245002500046250001200071260003700083300000800120 a997151348X a005.82 aSCHNEIER BRUCE  aAPPLIED CRYPTOGRAPHY a2ND ED. aINDIAbJOHN WILEY AND SONSc2002 a758